ՀՀ Գիտությունների ազգային ակադեմիայի հիմնարար գիտական գրադարան  =   Fundamental Scientific Library of NAS RA

Пьесы : (Record no. 459418)

MARC details
000 -LEADER
fixed length control field 01008nam a2200253 a 4500
003 - CONTROL NUMBER IDENTIFIER
control field AM-YEHGA
040 ## - CATALOGING SOURCE
Original cataloging agency AM-YeHGA
090 ## - LOCALLY ASSIGNED LC-TYPE CALL NUMBER (OCLC); LOCAL CALL NUMBER (RLIN)
-- 462488
001 - CONTROL NUMBER
control field 000787602
005 - DATE AND TIME OF LATEST TRANSACTION
control field 20250617160731.0
008 - FIXED-LENGTH DATA ELEMENTS--GENERAL INFORMATION
fixed length control field 110209s1961 ru r 000 0 rus d
041 1# - LANGUAGE CODE
Language code of text/sound track or separate title rus
Language code of original ger
100 1# - MAIN ENTRY--PERSONAL NAME
Personal name Грильпарцер, Франц
245 10 - TITLE STATEMENT
Title Пьесы :
Remainder of title Перевод с немецкого /
Statement of responsibility, etc. Ф. Грильпарцер; Вс. статья и примеч. Е. Эткинда.
260 ## - PUBLICATION, DISTRIBUTION, ETC.
Place of publication, distribution, etc. Москва ;
-- Ленинград :
Name of publisher, distributor, etc. Искусство,
Date of publication, distribution, etc. 1961.
300 ## - PHYSICAL DESCRIPTION
Extent 766 стр. :
Other physical details портр., илл. ;
Dimensions 21 см.
440 #0 - SERIES STATEMENT/ADDED ENTRY--TITLE
Title Библиотека драматурга
504 ## - BIBLIOGRAPHY, ETC. NOTE
Bibliography, etc. note Постраничные сноски
504 ## - BIBLIOGRAPHY, ETC. NOTE
Bibliography, etc. note Примечания, стр. 761-765
504 ## - BIBLIOGRAPHY, ETC. NOTE
Bibliography, etc. note Список пьес Грильпарцера
650 14 - SUBJECT ADDED ENTRY--TOPICAL TERM
Topical term or geographic name entry element Немецкая литература
General subdivision Пьеса
700 1# - ADDED ENTRY--PERSONAL NAME
Personal name Эткинд, Е.
Relator term авт. предисл.
Relationship aui
Relator term примеч.
Relationship cmm
942 ## - ADDED ENTRY ELEMENTS (KOHA)
Source of classification or shelving scheme Universal Decimal Classification
Koha item type Գրքեր / Books
Holdings
Withdrawn status Lost status Source of classification or shelving scheme Damaged status Not for loan Collection Home library Current library Date acquired Total checkouts Full call number Barcode Date last seen Price effective from Koha item type Public note
    Universal Decimal Classification     General Fundamental Scientific Library Fundamental Scientific Library 17/03/2021   PII/46699 FL0643661 17/03/2021 17/03/2021 Գրքեր / Books 30 Days Loan
    Universal Decimal Classification     General Fundamental Scientific Library Fundamental Scientific Library 24/03/2021   РII/47667 FL0644364 24/03/2021 24/03/2021 Գրքեր / Books 30 Days Loan


ՀՀ ԳԱԱ հիմնարար գիտական գրադարան
ՀՀ,Երևան 0019
Մարշալ Բաղրամյան 24/6
հեռախոս:(374-10) 52-47-50
Հետադարձ կապ

All site content, except where otherwise noted, is licensed under a
Creative Commons License